000 00383nam a2200169Ia 4500
008 230711s9999||||xx |||||||||||||| ||und||
041 _aENG
082 _a720
_bPA-D
100 _aPaul,Anthony
245 0 _aDesigning with trees
250 _a1st Ed.
260 _c1989
_aNew Delhi
_bSlame House
300 _a192
650 _aArchitecture
700 _aRees,Yvonne
942 _cBK
999 _c2488
_d2488